| 000 | 00371nam a22001577a 4500 | ||
|---|---|---|---|
| 020 | _a0-7105-1084-5 | ||
| 082 |
_a823 _bSPE/O |
||
| 100 | _aSPENSER, M.D | ||
| 245 |
_aSHIVERS _bSHORT STORY |
||
| 246 |
_aONE FOOT IN THE GRACE _bSHORT STORY |
||
| 260 |
_aENGLAND _bPETER HADDOCK LTD _c1998 |
||
| 300 | _a124 | ||
| 520 | _aSHORT STORY | ||
| 650 | _aSHORT STORY | ||
| 942 | _cBK | ||
| 999 |
_c1726 _d1726 |
||